00560nam a2200205Ia 4500001000700000008004100007035001500048041000800063084001900071245004700090260002600137300002700163650002900190650001500219650001300234650002700247650002500274650003000299650002500329000775221003s1990 xx 000 0 spa d aCENDO_1860 aspa aGS-00012-00010 0aNueva formas de organización del trabajo a[S.l. :bs.n.,c19??] a16 + [4] h. ;c 30 cm aORGANIZACION DEL TRABAJO aTAYLORISMO aFORDISMO aCONDICIONES DE TRABAJO aRELACIONES LABORALES aCUALIFICACION PROFESIONAL aINCENTIVO AL TRABAJO